00902nai a2200205Ia 4500003000900000008004100009022002300050040001600073245004000089260008600129310001400215362002500229521006900254650003700323650005700360856009300417942000700510999001700517952016200534IN-BaIIA211028c9999 xx s 000 0 eng d a2576-3156 (Online) cIIA Library 0aIEEE Networking Lettersh[eJournal] aNew York, USAbThe Institute of Electrical and Electronics Engineers, Inc. (IEEE) aQuarterly a1(1); 2019 - Present bSubscribed through National Knowledge Resource Consortium (NKRC) a Computing and Processing948785 aCommunication, Networking and Broadcast Technologies uhttps://ieeexplore.ieee.org/servlet/opac?punumber=8253410yClick Here to Access eJournal cEJ c34553d34553 00104070aBANbBANd2009-01-01eNKRCh1(1); 2019 - Presentl0pEJ637r2021-11-05uhttps://ieeexplore.ieee.org/servlet/opac?punumber=8253410w2021-11-05yEJ